[Event "Guernsey Holiday op"]
[Site "Guernsey"]
[Date "2012.10.25"]
[Round "5"]
[White "Van Nijen, Peter"]
[Black "Nalichowski, Bogdan"]
[Result "1-0"]
[WhiteElo "1678"]
[BlackElo "1611"]
[PlyCount "59"]
[EventDate "2012.10.21"]
[EventType "swiss"]
[EventRounds "7"]
[EventCountry "GCI"]
[SourceTitle "EXT 2015"]
[Source "ChessBase"]
[SourceDate "2014.11.20"]
[SourceVersion "1"]
[SourceVersionDate "2014.11.20"]
[SourceQuality "1"]

1. e4 d5 2. exd5 Nf6 3. d4 c6 4. Nc3 Nxd5 5. Be2 Nxc3 6. bxc3 Bf5 7. Nf3 Qa5 8. Bd2 e6 9. 0-0 Ba3 10. c4 Qc7 11. c5 a5 12. Rb1 Nd7 13. Rb3 Bxc5 14. dxc5 Nxc5 15. Re3 0-0 16. Nh4 Rfd8 17. Nxf5 exf5 18. Bd3 f4 19. Rf3 Ne6 20. Qc1 g5 21. Rh3 Nf8 22. Bc3 Rd7 23. Re1 Ng6 24. Bf6 Rd5 25. Be4 Rc5 26. Rh5 Re8 27. Bxg6 Rxe1+ 28. Qxe1 Qd7 29. Rxh7 fxg6 30. Rxd7 1-0